Les Bernard célèbres - Statistiques

Statistiques générales
  • Ce quiz a été pris 198 fois
  • Le résultat moyen est 9 sur 23
Statistiques - réponses
Indice 1 Indice 2 Réponse % Correct
homme d'affaires (1943) l'OM - le Phocea - le Crédit Lyonnais Tapie
82%
acteur (1958) il fait partie du trio Les Inconnus Campan
79%
cycliste (1954) le blaireau Hinault
76%
animateur TV (1935) apostrophes - bouillon de culture Pivot
71%
acteur (1916-1989) Audiard l'appelait «L'Argentin» Blier
53%
médecin (1939) médecins sans frontières et médecins du monde Kouchner
51%
footballeur (1963) gardien de but international Lama
51%
animateur (1957) vidéo gag - une famille en or Montiel
48%
acteur (1950) une famille formidable Le Coq
47%
rugbyman (1964) manager du RC Toulon de 2011 à 2016 Laporte
45%
acteur (1947-2010) époux d'Anny Duperey Giraudeau
43%
cuisinier (1951-2003) restaurant gastronomique La Côte d'Or, à Saulieu Loiseau
43%
cycliste (1948) vainqueur du tour de France en 1975 et 1977 Thevenet
35%
humoriste (1947) les grosses têtes Mabille
34%
chanteur (1946) de son vrai nom Bernard Oulion Lavilliers
29%
syndicaliste (1959) secrétaire général de la C.G.T Thibault
27%
footballeur (1952) Lyon - St-Etienne - Bordeaux Lacombe
26%
peintre (1928-1999) une rue à Paris porte son nom Buffet
24%
acteur (1944) le chaud lapin Menez
23%
pilote rallye (1973) dit "la luge" Darniche
12%
acteur (1931-2002) garçon - rive droite, rive gauche Fresson
5%
acteur (1924-1970) inoubliable Vidocq Noel
4%
poète, parolier (1931-1981) Syracuse - mon truc en plume Dimey
2%
Aucun quiz correspondant
Distribution des résultats
% des personnes avec chaque résultat
Percentile par nombre de réponses
Votre historique - résultats
Vous n’avez pas pris ce quiz